Normal view
MARC view
- peters,Thomas/Waterman,Robert
Entry Personal Name
001 - CONTROL NUMBER
- control field: 2870
003 - CONTROL NUMBER IDENTIFIER
- control field: JO-AjAnu
005 - DATE AND TIME OF LATEST TRANSACTION
- control field: 20230606070755.0
008 - FIXED-LENGTH DATA ELEMENTS
- fixed length control field: 230606|| aca||aabn | a|a d
040 ## - CATALOGING SOURCE
- Original cataloging agency: JO-AjAnu
- Transcribing agency: JO-AjAnu
100 ## - HEADING--PERSONAL NAME
- Personal name: peters,Thomas/Waterman,Robert
670 ## - SOURCE DATA FOUND
- Source citation: Work cat.: (JO-AjAnu)1504: peters,Thomas/Waterman,Robert, author, IN SEARCH OF EXCELLENCE:Lessons from America's Best-Run Companies